Normal view
MARC view
Entry Geographic Name
001 - CONTROL NUMBER
- control field: 42198
003 - CONTROL NUMBER IDENTIFIER
- control field: ARRUPE
005 - DATE AND TIME OF LATEST TRANSACTION
- control field: 20180914112919.0
008 - FIXED-LENGTH DATA ELEMENTS
- fixed length control field: 180914|| aca||aabn | a|a d
040 ## - CATALOGING SOURCE
- Original cataloging agency: ARRUPE
- Transcribing agency: ARRUPE
151 ## - HEADING--GEOGRAPHIC NAME
- Geographic name: Europe
- General subdivision: History
- Chronological subdivision: 17th century.
670 ## - SOURCE DATA FOUND
- Source citation: Work cat.: (ARRUPE)0: Trevor-Roper, H. R. (Hugh Redwald), 1914-2003. 42197, The crisis of the seventeenth century :, c1999.